[Event "British KO-ch Pre 2019"]
[Site "London"]
[Date "2019.11.30"]
[Round "3.4"]
[White "Clarke, Brandon G I"]
[Black "Willow, Jonah B"]
[Result "1/2-1/2"]
[WhiteElo "2431"]
[BlackElo "2345"]
[Annotator "NA"]
[PlyCount "179"]
[EventDate "2019.11.30"]
[EventType "k.o."]
[EventCountry "ENG"]
[SourceTitle "playchess.com"]
[Source "ChessBase"]
[SourceQuality "1"]
[TimeControl "600+5"]

1. e4 {[%emt 0:00:00]} c5 {[%emt 0:00:00]} 2. Nf3 {[%emt 0:00:00]} Nc6 {[%emt 0:00:00]} 3. d4 {[%emt 0:00:00]} cxd4 {[%emt 0:00:00]} 4. Nxd4 {[%emt 0:00:01]} g6 {[%emt 0:00:00]} 5. c4 {[%emt 0:00:23]} Nf6 {[%emt 0:00:01]} 6. Nc3 {[%emt 0:00:02]} d6 {[%emt 0:00:01]} 7. f3 {[%emt 0:00:07]} Nxd4 {[%emt 0:00:02]} 8. Qxd4 {[%emt 0:00:02]} Bg7 {[%emt 0:00:01]} 9. Be3 {[%emt 0:00:02]} O-O {[%emt 0:00:02]} 10. Qd2 {[%emt 0:00:01]} a5 {[%emt 0:00:02]} 11. Na4 {[%emt 0:00:31]} Nd7 {[%emt 0:01:11]} 12. O-O-O {[%emt 0:00:17]} Qc7 {[%emt 0:00:13]} 13. Kb1 {[%emt 0:00:08]} b6 {[%emt 0:00:46]} 14. h4 {[%emt 0:01:18]} Ba6 {[%emt 0:00:58]} 15. Rc1 {[%emt 0:00:00]} Nc5 {[%emt 0:00:11]} 16. Nc3 {[%emt 0:00:09]} h5 {[%emt 0:01:20]} 17. g4 {[%emt 0:00:12]} hxg4 {[%emt 0:00:03]} 18. h5 {[%emt 0:00:06]} e6 {[%emt 0:00:18]} 19. Bh6 {[%emt 0:01:22]} Qe7 {[%emt 0:00:19]} 20. Bxg7 {[%emt 0:01:33]} Kxg7 {[%emt 0:00:02]} 21. Qd4+ {[%emt 0:00:02]} e5 {[%emt 0:00:11]} 22. Qe3 {[%emt 0:00:10]} Bb7 {[%emt 0:00:33]} 23. fxg4 {[%emt 0:00:13]} Rh8 {[%emt 0:00:10]} 24. Be2 {[%emt 0:00:29]} Ne6 {[%emt 0:00:04]} 25. Na4 {[%emt 0:01:38]} Rab8 {[%emt 0:00:18]} 26. hxg6 {[%emt 0:00:31]} fxg6 {[%emt 0:00:09]} 27. Rxh8 {[%emt 0:00:03]} Rxh8 {[%emt 0:00:03]} 28. Nxb6 {[%emt 0:00:08]} Qg5 {[%emt 0:00:36]} 29. Qxg5 {[%emt 0:01:22]} Bxe4+ {[%emt 0:00:01]} 30. Ka1 Nxg5 {[%emt 0:00:02]} 31. c5 {[%emt 0:00:26]} dxc5 {[%emt 0:00:07]} 32. Nd7 {[%emt 0:00:01]} Rh2 {[%emt 0:00:29]} 33. Bc4 {[%emt 0:00:12]} Nf3 {[%emt 0:00:42]} 34. Nxc5 {[%emt 0:00:07]} Bc6 {[%emt 0:00:14]} 35. a4 {[%emt 0:00:25]} Nd4 {[%emt 0:00:17]} 36. Ka2 {[%emt 0:00:23]} Kf6 {[%emt 0:00:28]} 37. Ba6 {[%emt 0:00:24]} Bd5+ {[%emt 0:00:04]} 38. Bc4 {[%emt 0:00:02]} Bc6 {[%emt 0:00:12]} 39. Ba6 {[%emt 0:00:01]} Nc2 {[%emt 0:00:23]} 40. Bb7 {[%emt 0:00:13]} Nb4+ {[%emt 0:00:05]} 41. Kb3 {[%emt 0:00:05]} Be8 {[%emt 0:00:38]} 42. Ne4+ {[%emt 0:00:05]} Kg7 {[%emt 0:00:24]} 43. Kc4 {[%emt 0:00:16]} Rxb2 {[%emt 0:00:24]} 44. Nd6 {[%emt 0:00:03]} Bxa4 {[%emt 0:00:17]} 45. Be4 {[%emt 0:00:04]} Bd7 {[%emt 0:00:05]} 46. g5 {[%emt 0:00:03]} Rd2 {[%emt 0:00:11]} 47. Nb5 {[%emt 0:00:09]} Be6+ {[%emt 0:00:11]} 48. Kc5 {[%emt 0:00:02]} Rd8 {[%emt 0:00:25]} 49. Kb6 {[%emt 0:00:01]} a4 {[%emt 0:00:09]} 50. Ka5 {[%emt 0:00:07]} Na2 {[%emt 0:00:12]} 51. Rc6 {[%emt 0:00:06]} Bf7 {[%emt 0:00:11]} 52. Rc7 {[%emt 0:00:01]} Kf8 {[%emt 0:00:17]} 53. Kxa4 {[%emt 0:00:05]} Be8 {[%emt 0:00:06]} 54. Ka5 {[%emt 0:00:07]} Rd7 {[%emt 0:00:15]} 55. Rc5 {[%emt 0:00:08]} Re7 {[%emt 0:00:03]} 56. Nd6 {[%emt 0:00:03]} Re6 {[%emt 0:00:05]} 57. Nb7 {[%emt 0:00:09]} Ke7 {[%emt 0:00:05]} 58. Rc7+ {[%emt 0:00:01]} Kf8 {[%emt 0:00:01]} 59. Nc5 {[%emt 0:00:01]} Re7 {[%emt 0:00:02]} 60. Rc8 {[%emt 0:00:01]} Kg7 {[%emt 0:00:03]} 61. Nd3 {[%emt 0:00:14]} Bf7 {[%emt 0:00:08]} 62. Rc5 {[%emt 0:00:05]} Ra7+ {[%emt 0:00:08]} 63. Kb6 {[%emt 0:00:01]} Ra4 {[%emt 0:00:02]} 64. Rxe5 {[%emt 0:00:08]} Nc3 {[%emt 0:00:01]} 65. Bc6 {[%emt 0:00:03]} Ra1 {[%emt 0:00:06]} 66. Kc7 {[%emt 0:00:11]} Rd1 {[%emt 0:00:10]} 67. Nc5 {[%emt 0:00:03]} Kf8 {[%emt 0:00:03]} 68. Nd7+ {[%emt 0:00:02]} Kg7 {[%emt 0:00:02]} 69. Nf6 {[%emt 0:00:09]} Rc1 {[%emt 0:00:07]} 70. Kd6 {[%emt 0:00:04]} Rd1+ {[%emt 0:00:02]} 71. Ke7 {[%emt 0:00:01]} Rd2 {[%emt 0:00:10]} 72. Rc5 {[%emt 0:00:04]} Re2+ {[%emt 0:00:02]} 73. Kd8 {[%emt 0:00:04]} Rd2+ {[%emt 0:00:04]} 74. Ke7 {[%emt 0:00:07]} Re2+ {[%emt 0:00:01]} 75. Kd6 {[%emt 0:00:09]} Rd2+ {[%emt 0:00:06]} 76. Ke5 {[%emt 0:00:02]} Re2+ {[%emt 0:00:04]} 77. Kd4 {[%emt 0:00:07]} Nd1 {[%emt 0:00:03]} 78. Bb5 {[%emt 0:00:07]} Rg2 {[%emt 0:00:06]} 79. Ne4 {[%emt 0:00:05]} Rg4 {[%emt 0:00:12]} 80. Ke5 {[%emt 0:00:06]} Ne3 {[%emt 0:00:04]} 81. Rc7 {[%emt 0:00:02]} Nd5 {[%emt 0:00:13]} 82. Rxf7+ {[%emt 0:00:08]} Kxf7 {[%emt 0:00:03]} 83. Kxd5 {[%emt 0:00:01]} Ke7 {[%emt 0:00:06]} 84. Ke5 {[%emt 0:00:02]} Rg1 {[%emt 0:00:04]} 85. Bd3 {[%emt 0:00:07]} Ra1 {[%emt 0:00:03]} 86. Nc3 {[%emt 0:00:04]} Kf7 {[%emt 0:00:02]} 87. Be4 {[%emt 0:00:08]} Ra5+ {[%emt 0:00:03]} 88. Bd5+ {[%emt 0:00:04]} Kg7 {[%emt 0:00:02]} 89. Ne4 {[%emt 0:00:02]} Ra1 {[%emt 0:00:02]} 90. Be6 {[%emt 0:00:07]} 1/2-1/2

[Event "British KO-ch Pre 2019"]
[Site "London"]
[Date "2019.11.30"]
[Round "3.5"]
[White "McPhillips, Joseph"]
[Black "Wadsworth, Matthew J"]
[Result "0-1"]
[WhiteElo "2434"]
[BlackElo "2401"]
[Annotator "NA"]
[PlyCount "48"]
[EventDate "2019.11.30"]
[EventType "k.o."]
[EventCountry "ENG"]
[SourceTitle "playchess.com"]
[Source "ChessBase"]
[SourceQuality "1"]
[TimeControl "600+5"]

1. e4 {[%emt 0:00:00]} c5 {[%emt 0:00:00]} 2. Nf3 {[%emt 0:00:00]} e6 {[%emt 0:00:00]} 3. d4 {[%emt 0:00:00]} cxd4 {[%emt 0:00:02]} 4. Nxd4 {[%emt 0:00:00]} Nc6 {[%emt 0:00:01]} 5. Nc3 {[%emt 0:00:02]} Qc7 {[%emt 0:00:02]} 6. g3 {[%emt 0:00:12]} a6 {[%emt 0:00:05]} 7. Bg2 {[%emt 0:00:10]} h5 {[%emt 0:00:02]} 8. h3 {[%emt 0:00:04]} Nf6 {[%emt 0:00:48]} 9. Nb3 {[%emt 0:00:55]} h4 {[%emt 0:00:51]} 10. Bf4 {[%emt 0:00:25]} Ne5 {[%emt 0:01:05]} 11. Qd4 {[%emt 0:00:09]} d6 {[%emt 0:00:26]} 12. O-O-O {[%emt 0:00:08]} b5 {[%emt 0:00:42]} 13. Bg5 {[%emt 0:01:29]} Bb7 {[%emt 0:00:35]} 14. Bxh4 {[%emt 0:00:16]} Rc8 {[%emt 0:00:28]} 15. f4 {[%emt 0:00:38]} Nc4 {[%emt 0:00:34]} 16. Qd3 {[%emt 0:00:57]} b4 {[%emt 0:00:51]} 17. Ne2 {[%emt 0:00:11]} Ne3 {[%emt 0:00:20]} 18. Bxf6 {[%emt 0:01:16]} Qxc2+ {[%emt 0:00:39]} 19. Qxc2 {[%emt 0:00:01]} Rxc2+ {[%emt 0:00:02]} 20. Kb1 {[%emt 0:00:02]} Rxe2 {[%emt 0:00:43]} 21. Bf3 {[%emt 0:01:31]} Rf2 {[%emt 0:00:21]} 22. Nc5 {[%emt 0:00:32]} Rxf3 {[%emt 0:01:15]} 23. Rd3 {[%emt 0:02:18]} Bc6 {[%emt 0:01:06]} 24. Bh4 {[%emt 0:00:37]} Rxh4 {[%emt 0:00:23]} 0-1

[Event "British KO-ch Pre 2019"]
[Site "London"]
[Date "2019.11.30"]
[Round "3.6"]
[White "Claridge-Hansen, William"]
[Black "Head, Louise"]
[Result "1-0"]
[WhiteElo "2290"]
[BlackElo "2100"]
[Annotator "NA"]
[PlyCount "67"]
[EventDate "2019.11.30"]
[EventType "k.o."]
[EventCountry "ENG"]
[SourceTitle "playchess.com"]
[Source "ChessBase"]
[SourceQuality "1"]
[TimeControl "600+5"]

1. c4 {[%emt 0:00:00]} e5 {[%emt 0:00:00]} 2. g3 {[%emt 0:00:00]} Nf6 {[%emt 0:00:00]} 3. Bg2 {[%emt 0:00:00]} Nc6 {[%emt 0:00:00]} 4. Nc3 {[%emt 0:00:02]} Bb4 {[%emt 0:00:01]} 5. Nd5 {[%emt 0:00:20]} Bc5 {[%emt 0:00:02]} 6. e3 {[%emt 0:00:13]} d6 {[%emt 0:00:07]} 7. Ne2 {[%emt 0:00:07]} Nxd5 {[%emt 0:00:11]} 8. cxd5 {[%emt 0:00:01]} Ne7 {[%emt 0:00:02]} 9. b3 {[%emt 0:00:31]} O-O {[%emt 0:00:14]} 10. O-O {[%emt 0:00:06]} Bg4 {[%emt 0:00:49]} 11. h3 {[%emt 0:00:11]} Bh5 {[%emt 0:00:01]} 12. Bb2 {[%emt 0:00:10]} Bb6 {[%emt 0:00:54]} 13. g4 {[%emt 0:01:08]} Bg6 {[%emt 0:00:04]} 14. d4 {[%emt 0:00:07]} exd4 {[%emt 0:00:38]} 15. Nxd4 {[%emt 0:00:08]} Qd7 {[%emt 0:01:18]} 16. f4 {[%emt 0:00:29]} f5 {[%emt 0:00:27]} 17. Ne6 {[%emt 0:00:57]} Bxe3+ {[%emt 0:00:36]} 18. Kh2 {[%emt 0:00:10]} Rf7 {[%emt 0:00:27]} 19. Re1 {[%emt 0:00:27]} Bb6 {[%emt 0:00:51]} 20. g5 {[%emt 0:00:16]} c6 {[%emt 0:00:24]} 21. h4 {[%emt 0:00:40]} Bf2 {[%emt 0:01:31]} 22. Rf1 {[%emt 0:01:18]} cxd5 {[%emt 0:00:41]} 23. Rxf2 {[%emt 0:00:27]} Qxe6 {[%emt 0:00:14]} 24. h5 {[%emt 0:00:11]} h6 {[%emt 0:00:30]} 25. hxg6 Qxg6 {[%emt 0:00:04]} 26. gxh6 {[%emt 0:00:48]} Qxh6+ {[%emt 0:00:08]} 27. Kg1 {[%emt 0:00:13]} Re8 {[%emt 0:00:36]} 28. Qd2 {[%emt 0:00:33]} Kf8 {[%emt 0:00:39]} 29. Re1 {[%emt 0:00:18]} Qg6 {[%emt 0:00:25]} 30. Qe3 {[%emt 0:00:50]} Rd8 {[%emt 0:00:07]} 31. Rf3 {[%emt 0:00:19]} Nc6 {[%emt 0:00:17]} 32. Rg3 {[%emt 0:00:02]} Qh6 {[%emt 0:00:03]} 33. Rh3 {[%emt 0:00:05]} d4 {[%emt 0:00:06]} 34. Qf2 {[%emt 0:00:17]} 1-0

[Event "British KO-ch Pre 2019"]
[Site "London"]
[Date "2019.11.30"]
[Round "3.7"]
[White "Toma, Katarzyna"]
[Black "Taylor, Adam C"]
[Result "0-1"]
[WhiteElo "2272"]
[BlackElo "2371"]
[Annotator "NA"]
[PlyCount "88"]
[EventDate "2019.11.30"]
[EventType "k.o."]
[EventCountry "ENG"]
[SourceTitle "playchess.com"]
[Source "ChessBase"]
[SourceQuality "1"]
[TimeControl "600+5"]

1. e4 {[%emt 0:00:00]} e5 {[%emt 0:00:00]} 2. Nf3 {[%emt 0:00:00]} Nc6 {[%emt 0:00:00]} 3. Bb5 {[%emt 0:00:00]} a6 {[%emt 0:00:00]} 4. Ba4 {[%emt 0:00:01]} Nf6 {[%emt 0:00:00]} 5. Qe2 {[%emt 0:00:02]} Qe7 {[%emt 0:00:32]} 6. c3 {[%emt 0:00:15]} g6 {[%emt 0:00:08]} 7. d3 {[%emt 0:00:35]} Bg7 {[%emt 0:00:02]} 8. O-O {[%emt 0:00:16]} O-O {[%emt 0:00:03]} 9. h3 {[%emt 0:00:07]} b5 {[%emt 0:00:19]} 10. Bc2 {[%emt 0:00:08]} d6 {[%emt 0:00:05]} 11. a4 {[%emt 0:00:15]} Bb7 {[%emt 0:00:23]} 12. Na3 {[%emt 0:00:24]} b4 {[%emt 0:00:22]} 13. Nc4 {[%emt 0:00:01]} a5 {[%emt 0:00:01]} 14. Ne3 {[%emt 0:01:03]} Rab8 {[%emt 0:00:55]} 15. Bb3 {[%emt 0:00:10]} Ba6 {[%emt 0:00:22]} 16. Nd5 {[%emt 0:00:38]} Nxd5 {[%emt 0:00:12]} 17. Bxd5 {[%emt 0:00:01]} Qd7 {[%emt 0:00:08]} 18. Bg5 {[%emt 0:00:31]} Ne7 {[%emt 0:00:53]} 19. Nd2 {[%emt 0:01:12]} Nxd5 {[%emt 0:00:20]} 20. exd5 {[%emt 0:00:01]} f5 {[%emt 0:00:21]} 21. c4 {[%emt 0:00:16]} h6 {[%emt 0:00:58]} 22. Bh4 {[%emt 0:00:01]} g5 {[%emt 0:00:06]} 23. Bg3 {[%emt 0:00:03]} c6 {[%emt 0:00:20]} 24. dxc6 {[%emt 0:00:20]} Qxc6 {[%emt 0:00:01]} 25. f3 {[%emt 0:00:02]} d5 {[%emt 0:00:52]} 26. Rfe1 {[%emt 0:00:14]} Rbe8 {[%emt 0:00:19]} 27. Rac1 {[%emt 0:00:37]} e4 {[%emt 0:00:43]} 28. fxe4 {[%emt 0:01:37]} dxe4 {[%emt 0:00:13]} 29. b3 {[%emt 0:01:06]} f4 {[%emt 0:00:14]} 30. Bh2 {[%emt 0:00:04]} exd3 {[%emt 0:01:10]} 31. Qxd3 {[%emt 0:00:07]} Bb7 {[%emt 0:00:04]} 32. Nf3 {[%emt 0:00:12]} Bc3 {[%emt 0:00:17]} 33. Rxe8 {[%emt 0:00:56]} Rxe8 {[%emt 0:00:01]} 34. Rf1 {[%emt 0:00:11]} Qe6 {[%emt 0:00:45]} 35. Kh1 {[%emt 0:00:14]} Be4 {[%emt 0:00:15]} 36. Qd1 {[%emt 0:00:06]} Qf5 {[%emt 0:00:46]} 37. Qd6 {[%emt 0:00:34]} Qe6 {[%emt 0:00:31]} 38. Qc5 {[%emt 0:00:36]} Bd3 {[%emt 0:00:08]} 39. Rc1 {[%emt 0:00:11]} Kh7 {[%emt 0:00:13]} 40. Bg1 {[%emt 0:00:03]} Be4 {[%emt 0:00:04]} 41. Rd1 {[%emt 0:00:05]} Bxf3 {[%emt 0:00:07]} 42. gxf3 {[%emt 0:00:01]} Qxh3+ {[%emt 0:00:02]} 43. Bh2 {[%emt 0:00:03]} Qxf3+ {[%emt 0:00:01]} 44. Kg1 {[%emt 0:00:03]} Qxd1+ {[%emt 0:00:02]} 0-1

[Event "British KO-ch Pre 2019"]
[Site "London"]
[Date "2019.11.30"]
[Round "3.8"]
[White "Kalaiyalahan, Akshaya"]
[Black "Pein, Jonathan"]
[Result "0-1"]
[WhiteElo "2154"]
[BlackElo "2151"]
[Annotator "NA"]
[PlyCount "100"]
[EventDate "2019.11.30"]
[EventType "k.o."]
[EventCountry "ENG"]
[SourceTitle "playchess.com"]
[Source "ChessBase"]
[SourceQuality "1"]
[TimeControl "600+5"]

1. Nf3 {[%emt 0:00:00]} Nf6 {[%emt 0:00:00]} 2. g3 {[%emt 0:00:00]} b6 {[%emt 0:00:00]} 3. Bg2 {[%emt 0:00:00]} Bb7 {[%emt 0:00:00]} 4. O-O {[%emt 0:00:02]} g6 {[%emt 0:00:01]} 5. d4 {[%emt 0:00:06]} Bg7 {[%emt 0:00:01]} 6. c4 {[%emt 0:00:01]} O-O {[%emt 0:00:02]} 7. Nc3 {[%emt 0:00:12]} Ne4 {[%emt 0:00:01]} 8. Nxe4 {[%emt 0:00:53]} Bxe4 {[%emt 0:00:01]} 9. b3 {[%emt 0:00:15]} c5 {[%emt 0:00:14]} 10. Bb2 {[%emt 0:00:01]} d5 {[%emt 0:00:15]} 11. Qc1 {[%emt 0:04:41]} cxd4 {[%emt 0:01:52]} 12. Nxd4 {[%emt 0:00:16]} Bxg2 {[%emt 0:00:18]} 13. Kxg2 {[%emt 0:00:02]} e5 {[%emt 0:00:33]} 14. Nf3 {[%emt 0:01:26]} d4 {[%emt 0:01:14]} 15. e3 {[%emt 0:01:07]} Nc6 {[%emt 0:01:18]} 16. exd4 {[%emt 0:00:12]} exd4 {[%emt 0:00:02]} 17. Qd2 {[%emt 0:00:15]} Qd6 {[%emt 0:00:12]} 18. Rfd1 {[%emt 0:00:30]} Rad8 {[%emt 0:00:12]} 19. a3 {[%emt 0:00:37]} Rfe8 {[%emt 0:00:23]} 20. Qd3 {[%emt 0:00:05]} Qc7 {[%emt 0:00:52]} 21. Re1 {[%emt 0:00:30]} Re7 {[%emt 0:00:53]} 22. Rxe7 {[%emt 0:00:09]} Qxe7 {[%emt 0:00:02]} 23. Re1 {[%emt 0:00:03]} Qd6 {[%emt 0:01:38]} 24. b4 {[%emt 0:00:21]} h6 {[%emt 0:00:37]} 25. Rd1 {[%emt 0:00:02]} Ne5 {[%emt 0:00:13]} 26. Nxe5 {[%emt 0:00:01]} Qxe5 {[%emt 0:00:06]} 27. Qf3 {[%emt 0:00:17]} Qc7 {[%emt 0:00:14]} 28. Qd3 {[%emt 0:00:01]} a5 {[%emt 0:00:17]} 29. Kg1 {[%emt 0:00:08]} axb4 {[%emt 0:00:06]} 30. axb4 {[%emt 0:00:01]} Rc8 {[%emt 0:00:16]} 31. Bxd4 {[%emt 0:00:10]} Qxc4 {[%emt 0:00:14]} 32. Qxc4 {[%emt 0:00:04]} Rxc4 {[%emt 0:00:01]} 33. Bxg7 {[%emt 0:00:02]} Kxg7 {[%emt 0:00:01]} 34. Rb1 {[%emt 0:00:04]} Kf6 {[%emt 0:00:05]} 35. Kf1 {[%emt 0:00:05]} Ke5 {[%emt 0:00:10]} 36. Ke2 {[%emt 0:00:01]} Ke4 {[%emt 0:00:04]} 37. Rb2 {[%emt 0:00:03]} b5 {[%emt 0:00:03]} 38. h4 {[%emt 0:00:01]} h5 {[%emt 0:00:05]} 39. Kd2 {[%emt 0:00:01]} Kf3 {[%emt 0:00:02]} 40. Ke1 {[%emt 0:00:02]} Re4+ {[%emt 0:00:05]} 41. Kd1 {[%emt 0:00:13]} Rc4 {[%emt 0:00:11]} 42. Ke1 {[%emt 0:00:18]} f6 43. Kd1 {[%emt 0:00:02]} g5 {[%emt 0:00:01]} 44. hxg5 {[%emt 0:00:01]} fxg5 {[%emt 0:00:00]} 45. Ke1 {[%emt 0:00:10]} h4 {[%emt 0:00:06]} 46. gxh4 {[%emt 0:00:02]} gxh4 {[%emt 0:00:01]} 47. Rb3+ {[%emt 0:00:01]} Kg2 {[%emt 0:00:05]} 48. Ke2 {[%emt 0:00:11]} Re4+ {[%emt 0:00:05]} 49. Kd3 {[%emt 0:00:09]} Rf4 {[%emt 0:00:03]} 50. Ke3 {[%emt 0:00:08]} Rf3+ {[%emt 0:00:02]} 0-1

[Event "British KO-ch Pre 2019"]
[Site "London"]
[Date "2019.11.30"]
[Round "4.1"]
[White "Horton, Andrew P"]
[Black "Harvey, Marcus R"]
[Result "0-1"]
[WhiteElo "2378"]
[BlackElo "2405"]
[Annotator "NA"]
[PlyCount "154"]
[EventDate "2019.11.30"]
[EventType "k.o."]
[EventCountry "ENG"]
[SourceTitle "playchess.com"]
[Source "ChessBase"]
[SourceQuality "1"]
[TimeControl "600+5"]

1. Nf3 {[%emt 0:00:00]} Nf6 {[%emt 0:00:00]} 2. c4 {[%emt 0:00:00]} b6 {[%emt 0:00:00]} 3. g3 {[%emt 0:00:00]} Bb7 {[%emt 0:00:00]} 4. Bg2 {[%emt 0:00:02]} e6 {[%emt 0:00:00]} 5. O-O {[%emt 0:00:02]} c5 {[%emt 0:00:00]} 6. b3 {[%emt 0:00:04]} Be7 {[%emt 0:00:02]} 7. Bb2 {[%emt 0:00:01]} O-O {[%emt 0:00:07]} 8. Nc3 {[%emt 0:00:32]} d5 {[%emt 0:00:01]} 9. e3 {[%emt 0:00:08]} Na6 {[%emt 0:01:28]} 10. Qe2 {[%emt 0:00:27]} dxc4 {[%emt 0:00:16]} 11. bxc4 {[%emt 0:00:15]} Nb4 {[%emt 0:00:01]} 12. Ne1 {[%emt 0:00:47]} Bxg2 13. Kxg2 {[%emt 0:00:01]} Qc8 {[%emt 0:00:25]} 14. a3 {[%emt 0:00:12]} Qb7+ {[%emt 0:00:03]} 15. Kg1 {[%emt 0:00:50]} Nc6 {[%emt 0:00:08]} 16. f4 {[%emt 0:00:04]} Rfd8 {[%emt 0:00:04]} 17. Rd1 {[%emt 0:00:03]} Na5 {[%emt 0:00:27]} 18. f5 {[%emt 0:00:17]} exf5 {[%emt 0:00:28]} 19. Rxf5 {[%emt 0:00:13]} Qd7 {[%emt 0:00:01]} 20. Rf4 {[%emt 0:00:17]} Qe6 {[%emt 0:00:23]} 21. d3 {[%emt 0:00:56]} Bd6 {[%emt 0:00:15]} 22. Rf1 {[%emt 0:00:20]} Re8 {[%emt 0:00:41]} 23. Ng2 {[%emt 0:00:06]} Nc6 {[%emt 0:00:17]} 24. Rde1 {[%emt 0:00:30]} Be5 {[%emt 0:00:16]} 25. Nf4 {[%emt 0:00:51]} Qg4 {[%emt 0:00:10]} 26. Qxg4 {[%emt 0:01:26]} Nxg4 {[%emt 0:00:01]} 27. Nfd5 {[%emt 0:00:04]} Rad8 {[%emt 0:01:40]} 28. Ba1 {[%emt 0:00:53]} Re6 {[%emt 0:01:52]} 29. Re2 {[%emt 0:02:28]} Nf6 {[%emt 0:00:31]} 30. Nxf6+ {[%emt 0:00:06]} Rxf6 {[%emt 0:00:09]} 31. Rd1 {[%emt 0:00:19]} Bxc3 {[%emt 0:00:02]} 32. Bxc3 {[%emt 0:00:01]} Rfd6 {[%emt 0:00:02]} 33. Red2 {[%emt 0:00:02]} f6 {[%emt 0:00:06]} 34. Kf2 {[%emt 0:00:01]} Ne5 {[%emt 0:00:06]} 35. Bxe5 {[%emt 0:00:04]} fxe5 {[%emt 0:00:01]} 36. Kf3 {[%emt 0:00:04]} e4+ {[%emt 0:01:01]} 37. Ke2 {[%emt 0:00:24]} Rh6 {[%emt 0:01:00]} 38. h4 {[%emt 0:00:02]} Rg6 {[%emt 0:00:11]} 39. dxe4 {[%emt 0:00:11]} Rxd2+ {[%emt 0:00:02]} 40. Rxd2 {[%emt 0:00:01]} Rxg3 {[%emt 0:00:02]} 41. Rd8+ {[%emt 0:00:02]} Kf7 {[%emt 0:00:00]} 42. Rd7+ {[%emt 0:00:02]} Kf6 {[%emt 0:00:08]} 43. Rxa7 {[%emt 0:00:02]} Rh3 {[%emt 0:00:01]} 44. e5+ Kxe5 {[%emt 0:00:07]} 45. Rxg7 {[%emt 0:00:10]} Rxh4 {[%emt 0:00:01]} 46. Kd3 {[%emt 0:00:03]} Kd6 {[%emt 0:00:24]} 47. a4 {[%emt 0:00:10]} Rh1 {[%emt 0:00:12]} 48. Rb7 {[%emt 0:00:07]} Kc6 {[%emt 0:00:03]} 49. Rf7 {[%emt 0:00:03]} h5 {[%emt 0:00:06]} 50. Rf6+ {[%emt 0:00:07]} Kc7 {[%emt 0:00:01]} 51. Ke4 {[%emt 0:00:02]} h4 {[%emt 0:00:01]} 52. Rh6 {[%emt 0:00:06]} h3 {[%emt 0:00:09]} 53. Rh7+ {[%emt 0:00:17]} Kc6 {[%emt 0:00:02]} 54. Rh6+ {[%emt 0:00:01]} Kb7 {[%emt 0:00:02]} 55. Rh7+ {[%emt 0:00:12]} Ka6 {[%emt 0:00:01]} 56. Kd5 {[%emt 0:00:00]} h2 {[%emt 0:00:23]} 57. Kc6 {[%emt 0:00:02]} Re1 {[%emt 0:00:02]} 58. Rxh2 {[%emt 0:00:04]} Rxe3 {[%emt 0:00:01]} 59. Rh8 {[%emt 0:00:07]} Re6+ {[%emt 0:00:20]} 60. Kd5 {[%emt 0:00:06]} Rg6 {[%emt 0:00:07]} 61. Ra8+ {[%emt 0:00:03]} Kb7 {[%emt 0:00:01]} 62. Rf8 {[%emt 0:00:06]} Rg4 {[%emt 0:00:05]} 63. Rf7+ {[%emt 0:00:04]} Ka6 {[%emt 0:00:01]} 64. Kc6 {[%emt 0:00:11]} Rxc4 {[%emt 0:00:29]} 65. Rf8 {[%emt 0:00:04]} Ka5 {[%emt 0:00:01]} 66. Ra8+ {[%emt 0:00:02]} Kb4 {[%emt 0:00:01]} 67. Kxb6 {[%emt 0:00:02]} Rh4 {[%emt 0:00:01]} 68. a5 {[%emt 0:00:06]} Rh6+ {[%emt 0:00:01]} 69. Kb7 {[%emt 0:00:02]} Kb5 {[%emt 0:00:04]} 70. a6 {[%emt 0:00:15]} Rb6+ {[%emt 0:00:13]} 71. Kc7 {[%emt 0:00:01]} Rxa6 {[%emt 0:00:01]} 72. Rb8+ {[%emt 0:00:08]} Kc4 {[%emt 0:00:05]} 73. Rb1 {[%emt 0:00:02]} Kd3 {[%emt 0:00:05]} 74. Rd1+ {[%emt 0:00:10]} Kc2 {[%emt 0:00:01]} 75. Rh1 {[%emt 0:00:03]} c4 {[%emt 0:00:01]} 76. Kb7 {[%emt 0:00:01]} Rg6 {[%emt 0:00:01]} 77. Rh2+ {[%emt 0:00:01]} Kb3 {[%emt 0:00:01]} 0-1